<?xml version="1.0" encoding="UTF-8"?>
<record
    xmlns:xsi="http://www.w3.org/2001/XMLSchema-instance"
    xsi:schemaLocation="http://www.loc.gov/MARC21/slim http://www.loc.gov/standards/marcxml/schema/MARC21slim.xsd"
    xmlns="http://www.loc.gov/MARC21/slim">

  <leader>01245cam a2200289 i 4500</leader>
  <controlfield tag="001">11520</controlfield>
  <controlfield tag="003">BD-RjUL</controlfield>
  <controlfield tag="005">20211208235135.0</controlfield>
  <controlfield tag="008">140127s1962    nyua     b    000 0 eng d</controlfield>
  <datafield tag="035" ind1=" " ind2=" ">
    <subfield code="a">(OCoLC)ocm02582147</subfield>
  </datafield>
  <datafield tag="035" ind1=" " ind2=" ">
    <subfield code="a">(BD-RjUL) 11569</subfield>
  </datafield>
  <datafield tag="035" ind1=" " ind2=" ">
    <subfield code="a">(NNC)2662684</subfield>
  </datafield>
  <datafield tag="040" ind1=" " ind2=" ">
    <subfield code="a">ERE</subfield>
    <subfield code="c">ERE</subfield>
    <subfield code="d">OCL</subfield>
    <subfield code="d">BD-RjUL</subfield>
    <subfield code="b">eng</subfield>
  </datafield>
  <datafield tag="041" ind1=" " ind2=" ">
    <subfield code="a">eng</subfield>
  </datafield>
  <datafield tag="082" ind1=" " ind2=" ">
    <subfield code="2">21</subfield>
    <subfield code="a">536.2012 </subfield>
    <subfield code="b">PRO 1962</subfield>
  </datafield>
  <datafield tag="111" ind1="2" ind2=" ">
    <subfield code="a">Symposium on Thermophysical Properties</subfield>
    <subfield code="n">(2nd :</subfield>
    <subfield code="d">1962 :</subfield>
    <subfield code="c">Princeton University)</subfield>
    <subfield code="9">35642</subfield>
  </datafield>
  <datafield tag="245" ind1="1" ind2="0">
    <subfield code="a">Progress in international research on thermodynamic and transport properties :</subfield>
    <subfield code="b">papers presented at second symposium on thermophysical properties, Princeton University, January 24-26, 1965 /</subfield>
    <subfield code="c">editors Joseph F. Masi, Donald H. Tsai.</subfield>
  </datafield>
  <datafield tag="260" ind1=" " ind2=" ">
    <subfield code="a">New York :</subfield>
    <subfield code="b">American Society of Mechanical Engineers,</subfield>
    <subfield code="c">1962.</subfield>
  </datafield>
  <datafield tag="300" ind1=" " ind2=" ">
    <subfield code="a">762 p. :</subfield>
    <subfield code="b">ill. ;</subfield>
    <subfield code="c">29 cm.</subfield>
  </datafield>
  <datafield tag="490" ind1="1" ind2=" ">
    <subfield code="a">Symposium on Thermophysical Properties. Papers ;</subfield>
    <subfield code="v">1962</subfield>
  </datafield>
  <datafield tag="500" ind1=" " ind2=" ">
    <subfield code="a">Sponsored by Standing Committee on Thermophysical Properties, Heat Transfer Division.</subfield>
  </datafield>
  <datafield tag="504" ind1=" " ind2=" ">
    <subfield code="a">Includes bibliographies.</subfield>
  </datafield>
  <datafield tag="650" ind1=" " ind2="0">
    <subfield code="a">Materials </subfield>
    <subfield code="v">Congresses.</subfield>
    <subfield code="x">Thermal properties</subfield>
    <subfield code="9">35639</subfield>
  </datafield>
  <datafield tag="700" ind1="1" ind2=" ">
    <subfield code="a">Masi, Joseph F.,</subfield>
    <subfield code="e">editor.</subfield>
    <subfield code="9">35640</subfield>
  </datafield>
  <datafield tag="700" ind1="1" ind2=" ">
    <subfield code="a">Tsai, Donald H.,</subfield>
    <subfield code="e">editor.</subfield>
    <subfield code="9">35641</subfield>
  </datafield>
  <datafield tag="942" ind1=" " ind2=" ">
    <subfield code="2">ddc</subfield>
    <subfield code="c">BK</subfield>
  </datafield>
  <datafield tag="999" ind1=" " ind2=" ">
    <subfield code="c">11520</subfield>
    <subfield code="d">11520</subfield>
  </datafield>
  <datafield tag="952" ind1=" " ind2=" ">
    <subfield code="0">0</subfield>
    <subfield code="1">0</subfield>
    <subfield code="2">ddc</subfield>
    <subfield code="4">0</subfield>
    <subfield code="7">0</subfield>
    <subfield code="8">NFIC</subfield>
    <subfield code="a">RUCL</subfield>
    <subfield code="b">RUCL</subfield>
    <subfield code="c">Reading</subfield>
    <subfield code="d">1963-12-18</subfield>
    <subfield code="e">Zeitlinger</subfield>
    <subfield code="g">192.00</subfield>
    <subfield code="l">0</subfield>
    <subfield code="o">536.2012  PRO 1962</subfield>
    <subfield code="r">2014-01-27 00:00:00</subfield>
    <subfield code="t">C-2</subfield>
    <subfield code="w">2014-01-27</subfield>
    <subfield code="y">BK</subfield>
  </datafield>
</record>
